[Event "Airthings Masters MCCT KO 2022"]
[Site "Online"]
[Date "2022.02.23"]
[Round "1.2"]
[White "Carlsen, Magnus"]
[Black "Le, Quang Liem"]
[Result "1-0"]
[WhiteElo "2865"]
[BlackElo "2709"]
[Annotator "TA"]
[PlyCount "93"]
[EventDate "2022.02.18"]
[EventType "k.o."]
[EventCountry "NET"]
[SourceTitle "playchess.com"]
[Source "ChessBase"]
[SourceQuality "1"]

{[%evp 10,93,0,0,25,10,24,-2,7,0,0,0,12,16,50,0,0,0,44,56,62,62,63,70,54,51,94,0,0,0,0,0,53,44,90,84,75,86,78,77,93,97,117,119,128,116,205,202,206,206,204,200,204,215,211,205,269,293,280,288,337,227,391,378,429,400,428,411,482,567,597,608,607,572,615,629,561,447,1170,1008,1781,1727,1942,1774,29980,12672]} 1. c4 Nf6 2. Nc3 e5 3. Nf3 Nc6 4. g3 d5 5. cxd5 Nxd5 6. Bg2 {[%cal Of3e5]} Bc5 {A29: English Opening: Four Knights Variation with 4 g3.} 7. O-O {[%cal Of3e5]} O-O 8. Qc2 {Black must now prevent Nxd5.} Nf6 {The position is equal.} 9. a3 {[#]} Bb6 $146 ({Predecessor:} 9... Nd4 10. Nxd4 exd4 11. b4 Bb6 12. Na4 Re8 13. Nxb6 axb6 14. e3 d3 15. Qc3 Ne4 {1-0 (46) Nakamura,H (2736)-Esipenko,A (2714) Berlin 2022}) 10. e3 a5 11. b3 Bg4 12. Bb2 ({Better is} 12. h3 $1 $14 Be6 13. Ng5) 12... Qd7 $11 13. Na4 Rfe8 (13... Bf5 $1 $11 14. Qd1 Bd3) 14. d4 $14 {[%cal Rf3e5]} Bxf3 15. Bxf3 {And now dxe5 would win.} exd4 16. Rfd1 Ne5 17. Bxb7 {[%cal Rb2d4]} (17. Bg2 {seems wilder.} d3 18. Qd2 Rad8 19. Rac1 Qf5 20. Bxe5 Rxe5 21. Rc3) 17... d3 (17... c6 $1 $14 18. Bxa8 (18. Nxb6 Nf3+ 19. Kg2 Qxb7 $11) 18... Nf3+ 19. Kg2 Nh4+ 20. gxh4 Qg4+ 21. Kh1 Qf3+ 22. Kg1 dxe3 23. Nxb6 Qg4+ 24. Kh1 Qf3+ 25. Kg1 Qg4+ 26. Kh1 Qf3+ 27. Kg1) 18. Bxe5 {This bishop pair is nice.} (18. Qd2 $1 $16 Rad8 19. Rac1) 18... dxc2 $11 19. Rxd7 Nxd7 20. Bxa8 {Strongly threatening Bc6.} Rxa8 (20... Nxe5 21. Be4 $16) (20... Rxe5 $11 21. Nxb6 Nxb6) 21. Bb2 $1 $14 Nc5 (21... Bc5 $14 {might be stronger.}) 22. Rc1 $16 {Black is now going downhill.} Nxb3 23. Rxc2 (23. Nxb6 $2 Nxc1 24. Bxc1 Rd8 $19) 23... f6 24. Kf1 ({Much worse is} 24. Nxb6 cxb6 25. Rc6 Rb8 $11) 24... Rb8 25. Bc3 ({Reject} 25. Nxb6 cxb6 26. h4 Rd8 $11) 25... Kf7 26. Rb2 Ba7 27. Ke2 $1 Ke6 (27... c6 $16) 28. Kd3 $1 $18 Kd5 {[#]} 29. e4+ $1 Kc6 30. Kc4 Nc1 31. Rxb8 Bxb8 32. Bxa5 {[%mdl 4096] Endgame KBN-KBN} Ba7 33. Bd2 Ne2 34. Kd3 Kb5 35. Nb2 ({Weaker is} 35. Kxe2 Kxa4 36. f4 Bc5 $16) 35... Ng1 (35... Nd4 {might work better.} 36. a4+ Ka6) 36. Be3 c5 37. f4 Nf3 38. h3 Bb6 39. Ke2 {Prevents Ne1.} Nd4+ 40. Bxd4 cxd4 {KB-KN} 41. Kd3 Bc5 42. a4+ Kb4 43. e5 {[%cal Be4e5,Be5e6][%mdl 32]} f5 (43... fxe5 $142 44. fxe5 Ka5) 44. e6 g6 45. g4 {[%cal Bg3g4,Bg4g5][%mdl 32]} h6 46. g5 h5 47. h4 {Weighted Error Value: White=0.04 (flawless) /Black=0.47} (47. Nc4 $142 Be7 48. Ne5 Bd6 49. Nxg6 Kc5 50. e7 Bxe7 51. Nxe7 Kd6 {[#]} 52. a5 $1) 1-0

[Event "Airthings Masters MCCT KO 2022"]
[Site "Online"]
[Date "2022.02.23"]
[Round "1.2"]
[White "Artemiev, Vladislav"]
[Black "Ding, Liren"]
[Result "1/2-1/2"]
[WhiteElo "2700"]
[BlackElo "2799"]
[Annotator "TA"]
[PlyCount "138"]
[EventDate "2022.02.18"]
[EventType "k.o."]
[EventCountry "NET"]
[SourceTitle "playchess.com"]
[Source "ChessBase"]
[SourceQuality "1"]

{[%evp 12,138,12,16,0,5,5,5,6,9,8,7,0,0,2,8,8,0,4,9,7,12,7,10,8,13,8,14,14,16,9,11,8,8,8,8,7,6,8,4,10,12,12,14,11,8,10,10,7,10,12,6,7,7,16,10,22,19,20,15,14,12,27,26,33,13,10,8,8,7,8,8,0,0,8,0,8,8,8,0,0,0,0,0,8,8,8,8,8,8,8,8,8,0,8,8,8,8,8,0,0,0,8,8,8,8,8,0,0,0,0,0,0,0,0,0,0,0,0,0,0,0,0,0,0,0,0,0,0]} 1. d4 Nf6 2. c4 e6 3. Nc3 Bb4 4. Qc2 O-O 5. a3 Bxc3+ 6. Qxc3 d5 7. Bg5 dxc4 {E36: Nimzo-Indian: Classical: 4...d5 5 a3.} 8. Qxc4 b6 9. Rd1 {[%cal Oe2e4]} Ba6 10. Qa4 h6 $1 {The main line 10...h6 scores better than 10...Qd7.} 11. Bh4 Qe7 12. Nf3 Rd8 13. e3 Bxf1 14. Rxf1 c5 15. dxc5 {With the idea Rxd8+.} Rxd1+ 16. Qxd1 g5 17. Bg3 Qxc5 18. Qd8+ Kg7 {[%cal Ob8c6]} 19. Be5 Qc1+ 20. Ke2 {Dancing on a razor blade.} Qc4+ 21. Qd3 Qxd3+ 22. Kxd3 Nbd7 23. Rc1 g4 24. Bxf6+ Kxf6 $11 {[%mdl 4096] [#] Endgame KRN-KRN} 25. Nd2 $146 ({Predecessor:} 25. Nd4 Nc5+ 26. Ke2 a5 27. Rc3 h5 28. f3 Ke7 29. Kf2 Kf6 {½-½ (29) Kutsenko,A (2102)-Setya Adhi,B (2084) ICCF email 2019}) 25... Ne5+ 26. Ke2 Rd8 27. f4 gxf3+ $1 28. gxf3 Rd7 29. Rc8 Ng6 30. Ne4+ Kg7 31. Nf2 Ne7 32. Rc4 Nd5 33. Nd3 Rc7 34. Rxc7 Nxc7 {KN-KN} 35. Ne5 f6 36. Nc6 a6 37. f4 Kf7 38. Kf3 Ne8 {The position is equal.} 39. Nb8 Nd6 40. Nxa6 {next b3 is good for White.} Nc4 41. Ke4 Nxb2 42. Kd4 {Inhibits Nc4.} Ke7 43. Nc7 {[%cal Of4f5]} Kd6 44. Ne8+ Ke7 45. Nc7 Kd6 46. Nb5+ Kc6 47. Nc3 e5+ 48. fxe5 fxe5+ 49. Kxe5 {[#] Hoping for Kd4.} Nc4+ 50. Kf6 Nxe3 51. Kg6 b5 52. h3 Kc5 53. Kxh6 Kc4 54. Ne4 Kd4 55. Nd6 Kc5 56. Ne4+ Kd4 57. Nf2 Nc4 58. h4 Ke3 $1 59. Nd1+ Kd2 60. Nf2 Nxa3 61. h5 {[#] Kg6 is the strong threat.} b4 62. Ne4+ Kd3 63. Nc5+ Kc4 64. Na4 {aiming for Kg5.} b3 65. Kg6 {White threatens h6 and mate.} Kb4 66. Nb2 Kc3 67. Na4+ Kb4 68. Nb2 Kc3 69. Na4+ Kb4 {A balanced but interesting game.  Weighted Error Value: White=0.01 (flawless) /Black=0.01 (flawless)} 1/2-1/2

[Event "Airthings Masters MCCT KO 2022"]
[Site "Online"]
[Date "2022.02.23"]
[Round "1.3"]
[White "Ding, Liren"]
[Black "Artemiev, Vladislav"]
[Result "1-0"]
[WhiteElo "2799"]
[BlackElo "2700"]
[Annotator "TA"]
[PlyCount "97"]
[EventDate "2022.02.18"]
[EventType "k.o."]
[EventCountry "NET"]
[SourceTitle "playchess.com"]
[Source "ChessBase"]
[SourceQuality "1"]

{[%evp 15,97,2,19,8,16,15,20,17,22,11,16,6,2,0,0,0,26,10,20,29,31,30,41,28,25,21,44,39,50,42,45,41,34,17,22,35,27,36,22,17,0,0,0,-21,13,18,19,18,52,0,0,0,46,32,29,17,86,80,96,34,143,146,181,124,205,178,313,269,326,326,496,418,632,601,550,543,706,679,608,418,29936,12845,2473,1783]} 1. d4 d5 2. c4 e6 3. Nc3 Nf6 4. cxd5 exd5 5. Bg5 c6 6. e3 h6 7. Bh4 Be7 8. Bd3 O-O 9. Nge2 $1 {[%mdl 4] outshines the older 9.Qc2. D35: Queen's Gambit Declined: Exchange Variation.} Re8 10. O-O a5 11. Rc1 {The position is equal.} Nbd7 12. f3 b5 13. Bf2 Nb6 {[#]} 14. Nf4 $146 ({Predecessor:} 14. Ng3 Bf8 15. h3 Nc4 16. Bxc4 dxc4 17. e4 b4 18. Na4 Ba6 19. Re1 g6 20. Nf1 {½-½ (77) Ding,L (2791)-Bluebaum,M (2670) chess24.com INT 2021}) 14... Bd6 15. b3 {To avoid Nc4} Bd7 16. Bb1 Ba3 17. Rc2 Bf5 18. Re2 Bxb1 19. Qxb1 Bd6 {...b4 is the strong threat.} 20. Rc2 Rc8 21. Nd3 Qe7 22. Ne2 Nbd7 23. Ng3 g6 24. Rfc1 Ba3 25. Re1 c5 26. e4 c4 27. bxc4 bxc4 28. Nf4 {aiming for e5.} dxe4 29. Nxe4 Nxe4 30. fxe4 Qg5 31. g3 Nf6 {Threatens to win with ...Bb4.} 32. h4 ({White should play} 32. e5 $14 Ng4 33. Qb7) 32... Qg4 $11 33. e5 Nh5 (33... g5 $11 {is more appropriate.} 34. Ng2 (34. exf6 $2 gxf4 35. Qd1 Rxe1+ 36. Qxe1 fxg3 $19) 34... Nd5) 34. Nxh5 Qxh5 35. Qb5 Qf3 (35... Bb4 $11 {remains equal.} 36. Rec1 c3) 36. Rxc4 Qd3 {[#]} 37. Rc5 (37. Rb4 $1 $16 Qf5 38. Rb3) 37... Qxb5 (37... Qf3 $1 $14) 38. Rxb5 $16 Rc2 {[#]} 39. Re3 ({Not} 39. Rxa5 Bb4 40. Rd5 Bxe1 41. Bxe1 Rxa2 $19) (39. d5 $1 $18) 39... Bb4 (39... Bb2 $16) 40. a3 $18 Bd2 (40... Bc3 {was necessary.}) 41. Rf3 Bc3 42. Rb7 Rd8 (42... Rf8 $142 43. Rc7 Rc1+ 44. Kg2 Bb2 45. Rxc1 Bxc1) 43. Rc7 Rc1+ (43... Rxf2 $142 44. Kxf2 Bxd4+ 45. Kg2 Rf8) 44. Kg2 Bb2 45. Rcxf7 {Strongly threatening e6.} Rc2 46. e6 {Hoping for e7.} Re8 47. e7 {White wants to mate with Rf8+.} Bxa3 (47... Rcc8 $18 48. Be3 g5) 48. Rf8+ Rxf8 49. Rxf8+ {Weighted Error Value: White=0.16 (very precise) /Black=0.45} 1-0

[Event "Airthings Masters MCCT KO 2022"]
[Site "Online"]
[Date "2022.02.23"]
[Round "1.4"]
[White "Esipenko, Andrey"]
[Black "Hansen, Eric"]
[Result "1/2-1/2"]
[WhiteElo "2714"]
[BlackElo "2606"]
[Annotator "TA"]
[PlyCount "114"]
[EventDate "2022.02.18"]
[EventType "k.o."]
[EventCountry "NET"]
[SourceTitle "playchess.com"]
[Source "ChessBase"]
[SourceQuality "1"]

{[%evp 22,114,28,16,17,16,44,49,48,46,46,48,45,43,62,66,63,60,60,55,71,61,50,47,42,46,52,47,47,41,39,19,34,0,0,0,21,6,47,0,14,14,36,19,24,0,0,0,18,18,18,18,18,18,32,18,32,32,32,32,39,39,39,0,0,0,0,0,0,0,75,0,0,0,0,0,0,0,0,0,0,0,0,0,0,0,0,0,0,0,0,0,0,0,11]} 1. e4 e5 2. Nf3 Nc6 3. Bb5 {[%cal Bf1b5,Bb5a4,Ba4b3][%mdl 32]} a6 4. Ba4 Nf6 5. O-O Be7 6. Re1 b5 7. Bb3 d6 8. c3 O-O 9. h3 Na5 10. Bc2 c5 11. d4 Nd7 12. d5 $1 {[%mdl 4] is more profitable than 12.Nbd2 at the moment.} Nb6 {C96: Closed Ruy Lopez: Chigorin Defence: 11 d4, replies other than 11...Qc7.} 13. Nbd2 Nb7 {[#]} 14. c4 $146 ({Predecessor:} 14. Nf1 c4 15. g4 Nc5 16. Ng3 Re8 17. Kh2 a5 18. a3 Qc7 19. Be3 Bf8 20. Nf5 {1-0 (86) Milos,G (2575)-Hansen,E (2606) Chess.com INT 2020}) 14... bxc4 {White is slightly better.} 15. Qe2 Bd7 16. Nxc4 Nxc4 17. Qxc4 Qb6 18. Bd2 Rfb8 19. Rab1 {White is more active.} Bb5 20. Qc3 Rc8 21. Be3 (21. b3 {is more complex.} Qd8 22. Rec1 Rab8 23. a4 Bd7 24. Qc4) 21... Qa5 22. Qxa5 Nxa5 23. b3 {Prevents Nc4.} Bd8 24. Rec1 g6 25. Nd2 Kg7 26. a4 (26. f4 {feels hotter.} exf4 27. Bxf4 c4 28. b4 Nb7 29. Kf2) 26... Bd7 27. Nc4 (27. f4 {keeps more tension.} f6 28. g4 Rab8 29. f5 Rb4 30. Bd3) 27... Nxc4 28. bxc4 Rcb8 {Inhibits Rb7.} 29. Bd2 (29. f4 $5 {[%cal Rf4e5]}) 29... h6 (29... a5 $11 {should be considered.}) 30. Re1 (30. f4 $14) 30... Bc7 31. f4 f6 32. Rf1 a5 33. Rxb8 (33. f5 {seems wilder.} gxf5 34. exf5 Rb4 35. Bxb4 cxb4 36. g3) 33... Rxb8 34. Bc3 {Inhibits Rb2.} exf4 35. Rxf4 Bd8 36. Kf1 Bc8 37. Ke2 Rb7 38. Rf1 Bd7 39. g4 g5 {[%cal Oh6h5]} 40. Kf3 Be8 41. h4 Bg6 42. hxg5 hxg5 43. Rh1 Rb8 44. Ke3 Bc7 45. Kd2 Rb7 {[#]} (45... Bd8 $11 {remains equal.}) 46. Bd3 (46. e5 $1 $16 {[%cal Re5f6]} fxe5 47. Bxg6 Kxg6 48. Rh8) 46... Rb8 $11 {The position is equal.} 47. Rf1 Bd8 48. Bc2 Rb7 49. Rf3 Ra7 50. Rf2 Rb7 51. Rf1 Rb8 52. Rh1 Rb7 53. Rh2 Ra7 54. Ke3 Rb7 55. Ke2 Ra7 56. Rh1 Rb7 57. Kd2 Rb8 {Weighted Error Value: White=0.08 (flawless) /Black=0.08 (flawless)} 1/2-1/2

[Event "Airthings Masters MCCT KO 2022"]
[Site "Online"]
[Date "2022.02.23"]
[Round "2.1"]
[White "Carlsen, Magnus"]
[Black "Artemiev, Vladislav"]
[Result "1-0"]
[WhiteElo "2865"]
[BlackElo "2700"]
[Annotator "TA"]
[PlyCount "69"]
[EventDate "2022.02.18"]
[EventType "k.o."]
[EventCountry "NET"]

{[%evp 19,69,0,0,-3,4,0,7,-15,22,20,21,13,116,104,108,74,77,14,84,92,79,79,134,127,130,131,408,402,520,514,500,485,810,538,793,785,798,775,787,784,759,752,725,695,5265,1535,1219,1035,29982,29984,29983,29984]} 1. c4 e5 2. g3 Nc6 3. Bg2 g6 4. Nc3 Bg7 5. e3 Nf6 6. Nge2 O-O 7. O-O d6 8. d4 exd4 9. exd4 Re8 10. h3 Ne7 {[#]} 11. Re1 $146 {E61: King's Indian: Early deviations for White, including Smyslov System.} ({Predecessor:} 11. g4 h5 12. g5 Nh7 13. Qd3 Nf5 14. Ne4 Nh4 15. f3 Qd7 16. Nf4 Qf5 17. Nd5 Nxg2 18. Nxc7 Nh4 19. Nxe8 Qxh3 {0-1 (29) Papp,L (2394)-Artemiev,V (2709) Chess.com INT 2021}) 11... c6 12. Bf4 d5 13. c5 {The position is equal.} Ne4 14. Bxe4 dxe4 15. Nxe4 Nf5 {[#]} (15... Bxh3 $11 16. Be5 (16. Nd6 Nf5 $15) 16... Nd5) 16. N2c3 $1 $16 Be6 (16... Bxd4 $2 17. Bg5 Qd7 18. g4 $18) 17. Be5 b6 (17... Nxd4 $2 18. Bxg7 (18. Nd6 Nb5 $18) 18... Kxg7 19. Nd6 $18) 18. b4 {White is more active.} (18. g4 $16 Nxd4 19. Nd6 bxc5 20. Nxe8 Qxe8 21. Qd3) 18... bxc5 (18... Bd5 $11) 19. Bxg7 Kxg7 20. dxc5 a5 {[#]} (20... Qxd1 $142 21. Raxd1 Red8) 21. b5 $1 cxb5 22. Nxb5 {aiming for Qc2.} Bd5 $2 {[%mdl 8192] Black cannot hold the game after this.} (22... Qxd1 $16 {is a better defense.} 23. Rexd1 (23. Raxd1 Rab8 $16) 23... Rec8) 23. Nbd6 $18 {Pair of Knights!} Re5 24. Nxf5+ gxf5 25. Qd4 ({Not} 25. Nd6 Qf6 26. Qd2 Be4 $18) 25... f6 (25... Bxe4 $142 26. Qxe5+ Qf6 27. Qxf6+ Kxf6) 26. Nd6 Bc6 27. Rxe5 fxe5 28. Qxe5+ Qf6 29. Nxf5+ Kf7 30. Qc7+ Kf8 31. Re1 {Strongly threatening Nd6.} Qc3 {[#]} 32. Qxc6 $1 Qxe1+ 33. Kg2 {Threatening mate with Qf6+.} Ra7 34. Qf6+ Ke8 35. c6 {Weighted Error Value: White=0.20 (precise) /Black=0.84} 1-0

[Event "Airthings Masters MCCT KO 2022"]
[Site "Online"]
[Date "2022.02.23"]
[Round "2.1"]
[White "Nepomniachtchi, Ian"]
[Black "Esipenko, Andrey"]
[Result "1/2-1/2"]
[WhiteElo "2773"]
[BlackElo "2714"]
[Annotator "TA"]
[PlyCount "110"]
[EventDate "2022.02.18"]
[EventType "k.o."]
[EventCountry "NET"]

{[%evp 12,110,8,18,14,13,14,14,16,9,19,23,33,20,25,0,35,17,25,0,12,-24,-19,-17,-11,-19,-9,-49,-41,-77,-65,-77,-76,-79,-70,-131,-135,-123,-138,-121,-50,-96,-42,-61,-77,-103,-101,-113,-114,-105,-114,-116,-108,-147,-147,-141,-127,-209,-54,-56,-61,-73,-84,-313,-321,-300,-308,-315,456,436,1266,1232,1216,1154,1071,1071,920,881,1937,770,929,285,268,214,217,0,0,0,0,0,0,0,0,0,0,0,0,0,0,0,0]} 1. e4 e5 2. Nf3 Nc6 3. Bc4 Bc5 4. O-O Nf6 5. d3 O-O 6. c3 d6 {[%cal Bd7d6,Bd6d5][%mdl 32]} 7. Re1 $1 {[%mdl 4] is more profitable than 7.Bb3 at the moment.} a5 {C54: Giuoco Piano: 4 c3 Nf6, main lines with 5 d4 and 5 d3.} 8. h3 h6 9. Nbd2 {[%cal Bb1d2,Bd2f1,Bf1g3][%mdl 32]} Be6 10. Bb5 Nd7 11. Nf1 {[#]} d5 $5 $146 {[%mdl 8] New and interesting.} (11... f5 {with more complications.} 12. exf5 Bxf5 13. Ng3 Bg6 14. d4 Bb6) ({Predecessor:} 11... f5 12. exf5 Bxf5 13. Ng3 Bg6 14. d4 exd4 15. cxd4 Bb6 16. a3 Nf6 17. Bc4+ Kh8 {0-1 (63) Navara,D (2758)-Deac,B (2605) Riga 2021}) 12. Ng3 Re8 13. Be3 (13. b3 {looks sharper.} dxe4 14. Nxe4 Bf5 15. Nxc5 Nxc5 16. d4) 13... Bxe3 14. Rxe3 dxe4 15. Bxc6 bxc6 16. dxe4 a4 17. Qc2 Qe7 18. Nf5 Qc5 (18... Bxf5 19. exf5 c5 20. Rd1 $14) 19. N3h4 {Strongly threatening Rg3. Pair of Knights!} Kh7 20. Qd2 Qf8 (20... g6 {feels hotter.} 21. Rd3 gxf5 22. Rxd7 f4 23. Rd3 Rab8) 21. c4 g6 22. Ng3 Nb6 23. Qc3 ({White should try} 23. Qc2 $15) 23... Nxc4 $17 24. Ree1 Reb8 25. b3 Na3 (25... axb3 $17 26. axb3 Ra3) 26. Qxc6 (26. Rec1 $15 {was preferrable.}) 26... Qd6 (26... axb3 $6 27. axb3 Qd6 28. Rec1 $15) (26... Nb5 $17 {...Nd4 is the strong threat.} 27. Nf3 Rb6) 27. Rac1 $1 $15 Nb5 28. Nf3 axb3 29. axb3 Bxb3 30. Qc5 f6 31. Re2 {[#]} Ra1 $3 {[%mdl 512]} 32. Kh2 (32. Ree1 Rxc1) 32... Rxc1 33. Qxc1 c5 34. Re3 (34. Rb2 $17 Be6 35. Nd2) 34... c4 $2 (34... Bf7 $19 {Hoping for ...Nd4.} 35. Nd2 Ra8) 35. Nd2 Qb4 36. Rf3 Kg7 37. Nxb3 $2 (37. Ne2 $17) 37... cxb3 $19 38. Rd3 {aiming for Rd7+.} Nd4 {White must now prevent ...b2.} 39. Qc7+ Kg8 $4 {[%mdl 8192]} (39... Kh8 $1 $19 {avoids the disaster. And now ...b2 would win.} 40. Qc1 Qb7) 40. Nh5 $1 $18 {[%csl Gh5][%cal Rc7g7]} Qb7 (40... gxh5 $2 41. Rg3+ Kf8 42. Qh7 (42. Rg7 Qb7 $14)) (40... Qf8 $142) 41. Nxf6+ Kh8 42. Qxe5 Nc6 43. Qf4 g5 44. Qf5 {Intending Rd7 and mate.} ({Don't blunder} 44. Qc1 $2 b2 45. Qb1 Qc7+ 46. Kg1 Qf4 $19) 44... Qc7+ 45. g3 (45. f4 $142 Rf8 46. Rd7 (46. Rxb3 Nd4 $17) 46... Qxd7 47. Qxd7 Rxf6 48. e5) 45... Ne5 {[#]} 46. Rc3 $3 {[%mdl 512]} Qe7 47. Nd5 Qg7 {[#]} 48. Rc7 $2 $40 {[%mdl 128] Black needs to defend precisely.} (48. Kg2 $1 $18) 48... Rf8 $11 {The position is equal.} 49. Rc8 Nd7 50. Rxf8+ Qxf8 51. Qxd7 Qxf2+ 52. Kh1 Qf1+ 53. Kh2 Qf2+ 54. Kh1 Qf1+ 55. Kh2 Qf2+ {White really could win this.  Weighted Error Value: White=0.44/Black=0.32} 1/2-1/2

[Event "Airthings Masters MCCT KO 2022"]
[Site "Online"]
[Date "2022.02.23"]
[Round "2.1"]
[White "Esipenko, Andrey"]
[Black "Nepomniachtchi, Ian"]
[Result "0-1"]
[WhiteElo "2714"]
[BlackElo "2773"]
[Annotator "TA"]
[PlyCount "64"]
[EventDate "2022.02.18"]
[EventType "k.o."]
[EventCountry "NET"]
[SourceTitle "playchess.com"]
[Source "ChessBase"]
[SourceQuality "1"]

{[%evp 15,64,8,12,19,30,24,29,12,20,8,22,0,14,-12,-9,-25,-17,-22,-27,-20,-18,-15,-16,-14,-10,-47,-37,-29,-37,-63,9,10,20,0,0,0,14,-464,-480,-559,-539,-762,-789,-777,-752,-771,-760,-986,-995,-917,-762]} 1. e4 e5 2. Nf3 Nc6 3. Bb5 a6 4. Ba4 Nf6 5. O-O Be7 6. d3 b5 7. Bb3 d6 8. c3 O-O 9. h3 {is now more promising than 9.Re1. C84: Closed Ruy Lopez: Unusual White 6th moves.} Bb7 10. Bc2 Re8 11. Re1 {White has an edge.} Bf8 12. Nbd2 Ne7 {[#]} 13. a4 $146 ({Predecessor:} 13. Nf1 Ng6 14. Ng3 Bc8 15. a4 Bd7 16. d4 c5 17. Bg5 h6 18. Bxf6 gxf6 19. axb5 Bxb5 {1-0 (33) Rajaonarison,F (2125)-Ramalanjaona,A (1752) Antananarivo 2015}) 13... Ng6 14. Nf1 d5 15. Ng3 c5 16. Bd2 h6 17. b4 c4 18. dxc4 bxc4 19. exd5 Qxd5 {And now ...e4 would win.} 20. Bxg6 fxg6 21. Be3 Qf7 22. Nd2 Nd5 (22... Rad8 $15) 23. Nge4 $11 Nf4 24. f3 Rad8 25. Qc2 Rd3 26. Nf2 $2 {[%mdl 8192] [#] White does not recover from this.} (26. Bxf4 $11 exf4 27. b5) 26... Rxd2 $1 $19 {[%mdl 512] Black is clearly winning.} 27. Bxd2 {[#]} (27. Qxd2 Nxg2) 27... Nxg2 {[%mdl 512]} 28. Re4 (28. Ne4 Qxf3) 28... Qxf3 {[%cal Og2h4] Hoping for ...Nh4!} 29. Rg4 {Inhibits Nh4.} h5 {Strongly threatening ...Ne3.} 30. Qxg6 {[#]} Nf4 $1 {[%mdl 512]} 31. Rxf4 (31. Rg3 Nxg6) 31... exf4 32. Bxf4 Re2 {Weighted Error Value: White=0.61/Black=0.08 (flawless)} 0-1

[Event "Airthings Masters MCCT KO 2022"]
[Site "Online"]
[Date "2022.02.23"]
[Round "2.1"]
[White "Artemiev, Vladislav"]
[Black "Carlsen, Magnus"]
[Result "0-1"]
[WhiteElo "2700"]
[BlackElo "2865"]
[Annotator "TA"]
[PlyCount "204"]
[EventDate "2022.02.18"]
[EventType "k.o."]
[EventCountry "NET"]
[SourceTitle "playchess.com"]
[Source "ChessBase"]
[SourceQuality "1"]

{[%evp 25,204,28,33,20,13,7,14,0,16,16,15,12,14,8,40,21,35,37,34,35,25,16,16,21,22,19,20,25,29,0,25,-8,-16,-17,-13,-9,-6,-20,0,0,0,0,0,0,0,0,0,0,0,0,0,0,0,0,0,-2,-2,-6,-6,-25,-54,-54,-54,-54,-54,-54,-54,-61,-61,-61,-68,-68,-61,-98,-98,-108,-108,-108,-108,-108,-108,-108,-108,-108,-108,-108,-108,-108,-108,-108,-108,-108,-108,-108,0,-98,-98,-98,-98,-98,-98,-98,-98,-98,-98,-98,-98,-98,-33,-94,-94,-94,-94,-94,-59,-59,-59,-59,-59,-29966,-29967,-29967,-29968,-29967,-29962,-29960,-29963,-29963,-29964,-29964,-29963,-29966,-29967,-29966,-29968,-29968,-29969,-29968,-29968,-29963,-29962,-29971,-29972,-29972,-29973,-29971,-29974,-29974,-29975,-29973,-29974,-29974,-29975,-29973,-29974,-29976,-29977,-29976,-29975,-29981,-29982,-29982,-29983,-29982,-29983,-29982,-29975,-29971,-29976,-29975,-29976,-29975,-29976,-29983,-29984,-29983,-6281,-29987,-29988,-29988,-29989]} 1. d4 Nf6 2. c4 g6 3. Nc3 d5 4. Nf3 Bg7 5. Bg5 Ne4 6. Bf4 Nxc3 7. bxc3 c5 8. e3 O-O 9. cxd5 Qxd5 10. Be2 cxd4 11. cxd4 Qa5+ 12. Qd2 Qxd2+ 13. Kxd2 Nc6 14. Rhb1 {D80: Grünfeld: Unusual White 4th moves and 4 Bg5.} Rd8 15. Ke1 b6 16. a4 {The position is equal.} Na5 17. Nd2 Bb7 18. g4 {[%cal Bg2g4,Bg4g5][%mdl 32]} Rac8 19. Rc1 f6 {[#]} 20. g5 $146 ({Predecessor:} 20. Bc7 Rd7 21. Bg3 Rdd8 22. Rab1 Kf8 23. h4 e5 24. Rxc8 Rxc8 25. dxe5 fxe5 26. Nf3 {½-½ (41) Melkumyan,H (2661)-Cheparinov,I (2679) Zagreb 2019}) 20... Bf8 {[%cal Oe7e5]} 21. Bc7 {To avoid e5} Rd7 22. Bg3 Rdd8 $1 {[%cal Oe7e5]} 23. Bf3 Bxf3 24. Nxf3 h6 25. h4 Nb3 26. Rxc8 Rxc8 27. Rd1 Kf7 28. d5 Nc5 29. Rd4 Bg7 30. gxf6 exf6 31. Ke2 Nd7 32. Nd2 f5 33. Rc4 Rc5 34. f3 Rxd5 {Hoping for ...Rc5.} 35. Rc7 Ke6 36. Rxa7 Ra5 37. Rxa5 bxa5 $11 {[%mdl 4096] Endgame KBN-KBN} 38. Nb3 Nb6 39. Nxa5 Nxa4 40. Nb3 Kd5 41. Nd2 Nc5 42. e4+ fxe4 43. fxe4+ Nxe4 44. Bf4 h5 45. Kf3 Nc5 46. Be3 Nd3 47. Bg5 Ne5+ 48. Kg3 Nf7 49. Bf4 Bf6 50. Bb8 Nh6 {White must now prevent ...Nf5+.} 51. Kh3 Nf5 52. Bg3 Kd4 53. Bf2+ Kd3 54. Nf3 Ke4 55. Nd2+ Kf4 56. Nc4 Kf3 57. Be1 Bd4 58. Bd2 Ng3 {And now ...Ne2 would win.} 59. Bg5 Nf5 (59... Bc3 $17 {...Ne2 is the strong threat.} 60. Bd2 Bf6) 60. Nd2+ (60. Bd2 $1 $11 {remains equal.}) 60... Ke2 $17 {Black is more active.} 61. Ne4 Be5 62. Nc5 Kf3 63. Ne6 Ng3 {( -> ...Ne2)} 64. Bd8 Ne2 {[%cal Re2g1]} 65. Ng5+ Kf4 66. Nf7 Kf5 ({Better is} 66... Bc3 $17 67. Kg2 Bg7) 67. Kg2 (67. Nxe5 $15 Kxe5 68. Bg5) 67... Bf4 68. Kh3 Nd4 69. Bg5 Bxg5 70. Nxg5 {KN-KN} Kf4 71. Nf7 Nc6 72. Ng5 $2 {[%mdl 8192] White does not recover from this.} (72. Nd6 $15) 72... Nd8 $1 73. Kg2 Kg4 74. Nf3 Nf7 75. Kf2 Kf4 $1 76. Kg2 Nd6 $1 77. Kf2 Nc4 78. Kg2 Kg4 79. Kf2 {[#] Prevents Ne3.} Kh3 $1 80. Kf1 Ne3+ 81. Kf2 Ng4+ 82. Ke1 Kg2 83. Ng5 Kg3 84. Ke2 Kxh4 85. Ne4 g5 {[%cal Bg6g5,Bg5g4,Bg4g3][%mdl 32]} 86. Kf3 Ne5+ 87. Kg2 g4 88. Kh2 Nf7 89. Kg2 Nh6 90. Kh2 Nf5 91. Kg2 g3 92. Kf3 Kh3 93. Kf4 {[#]} h4 $1 94. Ng5+ (94. Kxf5 g2) 94... Kg2 95. Kg4 {[#]} h3 $1 96. Nxh3 Ne3+ 97. Kh4 Kh2 98. Ng5 g2 99. Nf3+ Kh1 100. Kg3 Nf5+ (100... Nf1+ $142 101. Kf4 Nh2 102. Ng5 g1=Q 103. Ne6 Ng4 104. Kf5 {[#]} Qe3 $1 105. Ng5 Ne5 106. Ne6 Nd7 107. Nf4 Qe5+ 108. Kg4 Nf6+ 109. Kf3 Qe4+ 110. Kf2 Qxf4+ 111. Ke2 Qd4 112. Kf3 Qd2 113. Kg3 Kg1 114. Kh4 Qf4+ 115. Kh3 Qh2#) 101. Kf2 {[#]} Nd4 $1 {[%mdl 512]} 102. Ng1 Kh2 {Weighted Error Value: White=0.08 (flawless) /Black=0.05 (flawless)} 0-1